Storm from the shadows /
Rear Admiral Michelle Henke was commanding one of the ships in a force led by Honor Harrington in an all-out space battle when she and her surviving crew were taken prisoner. Through an agreement with the Havenites and her government, she was given a command far away from the war's battle lines...
| Main Author: | |
|---|---|
| Format: | Book |
| Language: | English |
| Published: |
Riverdale, NY :
Baen Books ;
[2009]
|
| Subjects: | |
| Online Access: | Contributor biographical information Publisher description |
MARC
| Tag | First Indicator | Second Indicator | Subfields |
|---|---|---|---|
| LEADER | 00000cam a22000004a 4500 | ||
| 001 | in00002417153 | ||
| 005 | 20180201140850.0 | ||
| 008 | 080929s2009 nyua 000 1 eng | ||
| 010 | |a 2008042780 | ||
| 015 | |a GBA8D1511 |2 bnb | ||
| 016 | 7 | |a 014821824 |2 Uk | |
| 020 | |a 9781416591474 | ||
| 020 | |a 1416591478 | ||
| 029 | 1 | |a AU@ |b 000043471742 | |
| 029 | 1 | |a NZ1 |b 12773940 | |
| 035 | |a (OCoLC)ocn232979236 | ||
| 035 | |a (OCoLC)232979236 | ||
| 040 | |a DLC |c DLC |d BTCTA |d BAKER |d YDXCP |d UKM |d UPZ |d FTL |d C#P |d UtOrBLW | ||
| 049 | |a TXAM | ||
| 050 | 0 | 0 | |a PS3573.E217 |b S76 2009 |
| 082 | 0 | 0 | |a 813/.54 |2 22 |
| 100 | 1 | |a Weber, David, |d 1952- | |
| 245 | 1 | 0 | |a Storm from the shadows / |c by David Weber. |
| 264 | 1 | |a Riverdale, NY : |b Baen Books ; |c [2009] | |
| 264 | 2 | |a New York, NY : |b Distributed by Simon & Schuster, | |
| 264 | 4 | |c ©2009 | |
| 300 | |a 755 pages : |b illustrations ; |c 25 cm. | ||
| 336 | |a text |b txt |2 rdacontent | ||
| 337 | |a unmediated |b n |2 rdamedia | ||
| 338 | |a volume |b nc |2 rdacarrier | ||
| 500 | |a "The new Honorverse novel"--Jacket. | ||
| 500 | |a Follows Crown of slaves and The shadow of Saganami. | ||
| 500 | |a "A Baen Books original." | ||
| 520 | |a Rear Admiral Michelle Henke was commanding one of the ships in a force led by Honor Harrington in an all-out space battle when she and her surviving crew were taken prisoner. Through an agreement with the Havenites and her government, she was given a command far away from the war's battle lines. What she didn't realize was that she would find herself on a collision course with the interstellar syndicate of criminals known as Manpower. | ||
| 600 | 1 | 0 | |a Harrington, Honor |c (Fictitious character) |v Fiction. |
| 650 | 0 | |a Space warfare |v Fiction. | |
| 650 | 0 | |a Women soldiers |v Fiction. | |
| 655 | 7 | |a Science fiction. |2 gsafd | |
| 856 | 4 | 2 | |3 Contributor biographical information |u http://www.loc.gov/catdir/enhancements/fy0902/2008042780-b.html |t 0 |
| 856 | 4 | 2 | |3 Publisher description |u http://www.loc.gov/catdir/enhancements/fy0902/2008042780-d.html |t 0 |
| 938 | |a Baker and Taylor |b BTCP |n BK0007851068 | ||
| 938 | |a Baker & Taylor |b BKTY |c 27.00 |d 20.25 |i 1416591478 |n 0007851068 |s active | ||
| 938 | |a YBP Library Services |b YANK |n 2886387 | ||
| 948 | |a cataloged |b h |c 2009/3/16 |d c |e ceaton |f 3:04:00 pm | ||
| 994 | |a C0 |b TXA | ||
| 999 | |a MARS | ||
| 999 | f | f | |s 79089102-d0c7-370d-9267-99d83c47fb03 |i 1c30b493-4558-361f-9cc3-5cf3cbf57fb0 |t 0 |
| 952 | f | f | |p ric |a Texas A&M University |b Rellis Campus |c Joint Library Facility |d Remote Storage |t 0 |e PS3573.E217 S76 2009 |h Library of Congress classification |i unmediated -- volume |m A14837608496 |
| 998 | f | f | |a PS3573.E217 S76 2009 |t 0 |l Remote Storage |